| 000 | 00517cam a22001938i 4500 | ||
|---|---|---|---|
| 001 | 19655903 | ||
| 005 | 20180407112125.0 | ||
| 008 | 170522s2017 nju b 001 0 eng | ||
| 020 | _a9781119140344 (pbk.) | ||
| 040 | _cPK-LaUMT | ||
| 082 | 0 | 0 |
_a306 _223 _bSZE-P |
| 100 | 1 | _aSzeman, Imre | |
| 245 | 1 | 0 |
_aPopular culture : _ba user's guide / _cImre Szeman and Susie O'Brien |
| 260 |
_aHoboken : _bJohn Wiley, _c2017 |
||
| 300 | _a366 p. | ||
| 650 | 0 | _aPopular culture. | |
| 700 | 1 | _aO'Brien, Susie, | |
| 942 | _cBK | ||
| 999 |
_c104216 _d104216 |
||